BCN Direct Flights - Statistics

General Stats
  • This quiz has been taken 12 times
  • The average score is 155 of 222
Answers on the Map
Answers color-coded by a green-red scale on the quiz's map according to % correct below.
 
Answer Stats
Answer % Correct
Amsterdam
100%
Brussels
100%
Dublin
100%
London City
100%
London Gatwick
100%
London Heathrow
100%
London-Luton
100%
London-Southend
100%
London Stansted
100%
Madrid
100%
Milan Linate
100%
Newark-New York
100%
New York City
100%
Porto
100%
Rotterdam/The Hague
100%
Abu Dhabi
88%
Algiers
88%
Athens
88%
Belgrade
88%
Berlin
88%
Bilbao
88%
Bogotá
88%
Bucharest
88%
Budapest
88%
Buenos Aires
88%
Cairo
88%
Chișinău
88%
Copenhagen
88%
Doha
88%
Frankfurt
88%
Istanbul
88%
Leeds/Bradford
88%
Lisbon
88%
Los Angeles
88%
Málaga
88%
Malta
88%
Miami
88%
Milan-Bergamo
88%
Milan Malpensa
88%
Munich
88%
Oslo
88%
Palma de Mallorca
88%
Paris-Beauvais
88%
Paris CDG
88%
Paris-Orly
88%
Prague
88%
Rabat-Salé
88%
Riga
88%
Rome-Fiumicino
88%
Santa Cruz de la Sierra
88%
Santiago
88%
Santiago de Compostela
88%
São Paulo/Guarulhos
88%
Seattle-Tacoma
88%
Seoul-Incheon
88%
Sofia
88%
Tallinn
88%
Tangier
88%
Tirana
88%
Tunis-Carthage
88%
Vienna
88%
Vilnius
88%
Warsaw Chopin
88%
Zürich
88%
A Coruña
75%
Amman
75%
Atlanta
75%
Baku
75%
Banjul
75%
Beijing
75%
Beirut
75%
Belfast
75%
Birmingham
75%
Bologna
75%
Calgary
75%
Cancún
75%
Casablanca
75%
Chicago
75%
Cologne/Bonn
75%
Dallas-Fort Worth
75%
Dubai
75%
Faro
75%
Fes
75%
Florence
75%
Glasgow
75%
Helsinki-Vantaa
75%
Heraklion
75%
Hong Kong
75%
Ibiza
75%
Jeddah/Mecca
75%
Kuwait
75%
La Palma
75%
Liverpool
75%
Luxembourg
75%
Manchester
75%
Mexico City
75%
Montréal
75%
Naples
75%
Nice
75%
Punta Cana
75%
Reykjavík-Keflavík
75%
Riyadh
75%
Sal
75%
San Francisco
75%
Seville
75%
Shanghai
75%
Shenzhen
75%
Singapore
75%
Skopje
75%
Split
75%
Tel Aviv-Yafo
75%
Tenerife North
75%
Tenerife South
75%
Toronto
75%
Venice
75%
Warsaw Modlin
75%
Warsaw-Radom
75%
Washington D.C.
75%
Yerevan-Zvartnots
75%
Zagreb
75%
Alghero
63%
Alicante-Elche
63%
Asturias
63%
Bari
63%
Bergen
63%
Bordeaux-Mérignac
63%
Boston
63%
Brest
63%
Bristol
63%
Brussels-Charleroi
63%
Cagliari-Elmas
63%
Catania
63%
Cluj-Napoca
63%
Comayagua/Tegucigalpa
63%
Cork
63%
Düsseldorf
63%
Edinburgh
63%
Eindhoven
63%
EuroAirport
63%
Faroe Islands
63%
Gdańsk
63%
Geneva
63%
Genoa
63%
Gothenburg-Landvetter
63%
Hamburg
63%
Istanbul SAW
63%
Izmir
63%
Kraków
63%
Lille
63%
Lyon
63%
Marseille
63%
Menorca
63%
Mykonos
63%
Nantes
63%
Newcastle upon Tyne
63%
Olbia
63%
Palermo
63%
Philadelphia
63%
Pisa
63%
Poitiers-Biard
63%
Reggio Calabria
63%
Rennes
63%
San Sebastián
63%
Santander
63%
Santorini
63%
Stockholm
63%
Strasbourg
63%
Stuttgart
63%
Thessaloniki
63%
Trieste
63%
Turin
63%
Valencia
63%
Vigo
63%
Wrocław
63%
Almería
50%
Ancona
50%
Billund
50%
Corfu
50%
Dubrovnik
50%
East Midlands
50%
Frankfurt-Hahn
50%
Fuerteventura
50%
Glasgow-Prestwick
50%
Halifax
50%
Hanover
50%
Iași
50%
Jerez de la Frontera/Cádiz
50%
Katowice
50%
Lanzarote
50%
Larnaca
50%
Las Palmas
50%
Luxor
50%
Murcia
50%
Nuremberg
50%
Oran
50%
Oujda
50%
Ponta Delgada
50%
Rimini/San Marino
50%
Rovaniemi
50%
Salerno
50%
Salzburg
50%
Sandefjord
50%
Southampton
50%
Stavanger
50%
Timișoara
50%
Tivat
50%
Tromsø
50%
Verona
50%
Zadar
50%
Granada-Jaén
38%
Kutaisi
38%
León
38%
Marrakesh
38%
Melilla
38%
Nador
38%
Perugia
38%
Badajoz
25%
Córdoba
25%
Essaouira
25%
Ouarzazate
25%
Bacău
13%
Comiso/Ragusa
13%
No matching quizzes found
Score Distribution
Percent of People with Each Score
Percentile by Number Answered
Your Score History
You have not taken this quiz